Účtovné zobrazenie výnosov podľa IFRS 15 Výnosy zo zmlúv so zákazníkmi diplomová práca

Saved in:
Bibliographic Details
Main Author: Víťazová, Monika
Corporate Author: Fakulta hospodárskej informatiky EU. Katedra účtovníctva a audítorstva
Other Authors: Hornická, Renáta, 1977-
Format: Book
Language:Slovak
Published: Bratislava 2019
Tags: Add Tag
No Tags, Be the first to tag this record!

MARC

LEADER 00000nbm a2200000 4500
001 0255839
005 20200113081832.5
041 0 |a slo 
044 |a SK 
245 1 0 |a Účtovné zobrazenie výnosov podľa IFRS 15 Výnosy zo zmlúv so zákazníkmi  |b diplomová práca  |c Monika Víťazová ; školiteľ: Renáta Hornická 
264 1 |a Bratislava  |c 2019 
300 |a 76 s. 
100 1 |a Víťazová, Monika 
700 1 |a Hornická, Renáta, 1977- 
710 2 |a Fakulta hospodárskej informatiky EU. Katedra účtovníctva a audítorstva